000 00289nam a2200145Ia 4500
100 _aGrace/Rich/ Parkar/ Tim
942 _cBK
654 _alinux
245 _aLinux to go
260 _bPearson Edu
_aAsia
_c2000
082 _a5.133
300 _a287
546 _aENGLISH
999 _c19441
_d19441